000 00713nam a2200217 a 4500
001 65624
003 BD-RjUL
005 20211209081439.0
008 170308s1964 bg |||| |||| 000 0 ben d
035 _a(BD-RjUL)65754
040 _aBD-RjUL
_bben
_cBD-RjUL
_dBD-RjUL
041 _aben
082 _223
_a891.443
_bBAA 1964
100 1 _aবসু, সমরেশ
_9175741
245 1 0 _aঅরিচিত /
_cসমরেশ বসু
260 _aঢাকা :
_bসুরভি প্রকাশনী,
_c১৯৬৪ [১৩৭১]
300 _a১৭৪ পৃ. ;
_c১৯ সেমি.
650 _aবাংলা উপন্যাস
_9170454
650 _aBengali Fiction
_9170455
942 _2ddc
_cBK
999 _c65624
_d65624